000 00893nam a2200205Ia 4500
001 7776
003 GE_BSU
008 181216s||||||||xx |||||||||||||| ||und||
040 _cGE_BSU
245 _aგადასახადები და აღრიცხვა :№17.2013
245 _bმეთოდურ-პრაქტიკული ჟურნალი :გამოდის თვეში ორჯერ.
245 _cმთ. რედ.: კოტე უბირია.
260 _aთბილისი.
260 _bგამომცემელი: კომპანია "ჟურნალი გადასახადები და აღრიცხვა
260 _c2013.
300 _a54გვ;28სმ.
653 _aგადასახადები და აღრიცხვა.
653 _aპერიოდიკა
942 _cCR
999 _c41126
_d41126